Medzinárodné zamestnávanie

Účinnosť zákona č. 351/2015 Z. z. o cezhraničnej spolupráci pri vysielaní zamestnancov na výkon prác pri poskytovaní služieb. Ciele zákona. Vysvetlenie pojmov hosťujúci zamestnávateľ (jeho povinnosti), vysielajúci zamestnávateľ, vyslaný zamestnanec, vyslanie zamestnanca. Pôsobnosť Zákonníka práce pr...

Full description

Saved in:
Bibliographic Details
Main Author: Jaško, Jozef
Format: Book Chapter
Language:Slovak
Subjects:
Tags: Add Tag
No Tags, Be the first to tag this record!

MARC

LEADER 00000naa a2200000 4500
001 0248630
005 20181106102428.2
041 0 |a slo 
044 |a SK 
245 1 0 |a Medzinárodné zamestnávanie  |c Jozef Jaško 
520 |a Účinnosť zákona č. 351/2015 Z. z. o cezhraničnej spolupráci pri vysielaní zamestnancov na výkon prác pri poskytovaní služieb. Ciele zákona. Vysvetlenie pojmov hosťujúci zamestnávateľ (jeho povinnosti), vysielajúci zamestnávateľ, vyslaný zamestnanec, vyslanie zamestnanca. Pôsobnosť Zákonníka práce pri pracovnoprávnych vzťahoch s cudzím prvkom. 
610 2 0 |a zamestnávanie cudzincov 
610 2 0 |a zamestnávatelia 
610 2 0 |a zamestnanci 
610 2 0 |a cudzinci 
610 2 0 |a zákonník práce 
610 2 0 |a vzťahy pracovnoprávne 
610 2 0 |a služby 
610 2 0 |a legislatíva 
610 2 0 |a spolupráca medzinárodná 
610 2 0 |a spolupráca cezhraničná 
610 2 0 |a Európska únia 
610 2 0 |a Slovensko 
100 1 |a Jaško, Jozef